| 000 | 00673nam a2200205 i 4500 | ||
|---|---|---|---|
| 001 | 65214 | ||
| 003 | ES-MaACL | ||
| 005 | 20250819063044.0 | ||
| 007 | t| | ||
| 008 | 040109s1924 fr ||||1| fre d | ||
| 100 | 0 |
_aFrazer, James George, _cSir, _d1854-1941 _952400 |
|
| 245 | 1 | 3 |
_aLe folklore dans l'ancien testament / _cJames George Frazer ; traduction par E. Andrá ; avec une introduction par René Dussand. |
| 250 | _aEd. abregée avec notes. | ||
| 260 |
_aParis : _bP. Geuthuer, _c1924. |
||
| 300 |
_aVI, 447 p. ; _c25 cm. |
||
| 700 | 1 |
_aDussand, René. _946344 |
|
| 700 | 1 |
_aAndrá, E. _921503 |
|
| 852 |
_aES-MaACL _jA-2487 |
||
| 999 |
_c65214 _d65214 |
||